<?xml version="1.0" encoding="UTF-8"?>
<record
    xmlns:xsi="http://www.w3.org/2001/XMLSchema-instance"
    xsi:schemaLocation="http://www.loc.gov/MARC21/slim http://www.loc.gov/standards/marcxml/schema/MARC21slim.xsd"
    xmlns="http://www.loc.gov/MARC21/slim">

  <leader>00967cam a22002897i 4500</leader>
  <controlfield tag="001">TB12437</controlfield>
  <controlfield tag="003">IN-BhIIT</controlfield>
  <controlfield tag="005">20250415173529.0</controlfield>
  <controlfield tag="008">160815t20172017nyua     b    001 0 eng d</controlfield>
  <datafield tag="020" ind1=" " ind2=" ">
    <subfield code="a">9780071828444 (hbk.)</subfield>
  </datafield>
  <datafield tag="040" ind1=" " ind2=" ">
    <subfield code="a">IN-BhIIT</subfield>
  </datafield>
  <datafield tag="041" ind1=" " ind2=" ">
    <subfield code="a">eng</subfield>
  </datafield>
  <datafield tag="082" ind1="0" ind2="4">
    <subfield code="a">620.5</subfield>
    <subfield code="b">WIE/E</subfield>
  </datafield>
  <datafield tag="245" ind1="0" ind2="0">
    <subfield code="a">Environmental nanotechnology :</subfield>
    <subfield code="b">applications and impacts of nanomaterials /</subfield>
    <subfield code="c">edited by Mark R. Wiesner and Jean-Yves Bottero.</subfield>
  </datafield>
  <datafield tag="250" ind1=" " ind2=" ">
    <subfield code="a">2nd ed.</subfield>
  </datafield>
  <datafield tag="260" ind1=" " ind2=" ">
    <subfield code="a">New York :</subfield>
    <subfield code="b">McGraw Hill,</subfield>
    <subfield code="c">2017.</subfield>
  </datafield>
  <datafield tag="300" ind1=" " ind2=" ">
    <subfield code="a">xvi, 395 p. :</subfield>
    <subfield code="b">ill. ;</subfield>
    <subfield code="c">29 cm</subfield>
  </datafield>
  <datafield tag="500" ind1=" " ind2=" ">
    <subfield code="a">Previous edition: 2007.</subfield>
  </datafield>
  <datafield tag="504" ind1=" " ind2=" ">
    <subfield code="a">Includes bibliographical references and index.</subfield>
  </datafield>
  <datafield tag="650" ind1=" " ind2="0">
    <subfield code="a">Nanotechnology</subfield>
    <subfield code="x">Environmental aspects.</subfield>
    <subfield code="9">25931</subfield>
  </datafield>
  <datafield tag="650" ind1=" " ind2="0">
    <subfield code="a">Nanoparticles</subfield>
    <subfield code="x">Environmental aspects.</subfield>
    <subfield code="9">13902</subfield>
  </datafield>
  <datafield tag="650" ind1=" " ind2="0">
    <subfield code="a">Nanotechnology.</subfield>
  </datafield>
  <datafield tag="650" ind1=" " ind2="7">
    <subfield code="a">Nanotechnology.</subfield>
  </datafield>
  <datafield tag="700" ind1="1" ind2=" ">
    <subfield code="a">Wiesner, Mark R.,</subfield>
    <subfield code="e">editor.</subfield>
    <subfield code="9">2279</subfield>
  </datafield>
  <datafield tag="700" ind1="1" ind2=" ">
    <subfield code="a">Bottero, Jean-Yves,</subfield>
    <subfield code="e">Joint editor.</subfield>
    <subfield code="9">25932</subfield>
  </datafield>
  <datafield tag="942" ind1=" " ind2=" ">
    <subfield code="c">TB</subfield>
    <subfield code="0">1</subfield>
  </datafield>
  <datafield tag="999" ind1=" " ind2=" ">
    <subfield code="c">14951</subfield>
    <subfield code="d">14951</subfield>
  </datafield>
  <datafield tag="952" ind1=" " ind2=" ">
    <subfield code="0">0</subfield>
    <subfield code="1">0</subfield>
    <subfield code="2">ddc</subfield>
    <subfield code="4">0</subfield>
    <subfield code="7">0</subfield>
    <subfield code="8">SIF</subfield>
    <subfield code="a">CLIITBBS</subfield>
    <subfield code="b">CLIITBBS</subfield>
    <subfield code="d">2025-03-05</subfield>
    <subfield code="l">0</subfield>
    <subfield code="o">620.5 WIE/E</subfield>
    <subfield code="p">TB12437</subfield>
    <subfield code="r">2025-03-05 15:05:17</subfield>
    <subfield code="w">2025-03-05</subfield>
    <subfield code="y">RES</subfield>
  </datafield>
  <datafield tag="952" ind1=" " ind2=" ">
    <subfield code="0">0</subfield>
    <subfield code="1">0</subfield>
    <subfield code="2">ddc</subfield>
    <subfield code="4">0</subfield>
    <subfield code="7">0</subfield>
    <subfield code="a">CLIITBBS</subfield>
    <subfield code="b">CLIITBBS</subfield>
    <subfield code="d">2025-03-05</subfield>
    <subfield code="l">0</subfield>
    <subfield code="p">TB12438</subfield>
    <subfield code="r">2025-03-05 15:28:12</subfield>
    <subfield code="w">2025-03-05</subfield>
    <subfield code="y">TB</subfield>
  </datafield>
  <datafield tag="952" ind1=" " ind2=" ">
    <subfield code="0">0</subfield>
    <subfield code="1">0</subfield>
    <subfield code="2">ddc</subfield>
    <subfield code="4">0</subfield>
    <subfield code="7">0</subfield>
    <subfield code="a">CLIITBBS</subfield>
    <subfield code="b">CLIITBBS</subfield>
    <subfield code="d">2025-03-05</subfield>
    <subfield code="l">0</subfield>
    <subfield code="p">TB12439</subfield>
    <subfield code="r">2025-03-05 15:28:12</subfield>
    <subfield code="w">2025-03-05</subfield>
    <subfield code="y">TB</subfield>
  </datafield>
  <datafield tag="952" ind1=" " ind2=" ">
    <subfield code="0">0</subfield>
    <subfield code="1">0</subfield>
    <subfield code="2">ddc</subfield>
    <subfield code="4">0</subfield>
    <subfield code="7">0</subfield>
    <subfield code="a">CLIITBBS</subfield>
    <subfield code="b">CLIITBBS</subfield>
    <subfield code="d">2025-03-05</subfield>
    <subfield code="l">1</subfield>
    <subfield code="p">TB12440</subfield>
    <subfield code="r">2025-05-08 11:48:42</subfield>
    <subfield code="s">2025-04-15</subfield>
    <subfield code="w">2025-03-05</subfield>
    <subfield code="y">TB</subfield>
  </datafield>
  <datafield tag="952" ind1=" " ind2=" ">
    <subfield code="0">0</subfield>
    <subfield code="1">0</subfield>
    <subfield code="2">ddc</subfield>
    <subfield code="4">0</subfield>
    <subfield code="7">0</subfield>
    <subfield code="a">CLIITBBS</subfield>
    <subfield code="b">CLIITBBS</subfield>
    <subfield code="d">2025-03-05</subfield>
    <subfield code="l">0</subfield>
    <subfield code="p">TB12441</subfield>
    <subfield code="r">2025-03-05 15:28:12</subfield>
    <subfield code="w">2025-03-05</subfield>
    <subfield code="y">TB</subfield>
  </datafield>
</record>
